[Event "Steinfurt Bezirksklasse 0809"]
[Site "Germany"]
[Date "2009.03.28"]
[Round "6.6"]
[White "Altenaehr, Johannes"]
[Black "Dreihus, Christoph"]
[Result "1/2-1/2"]
[WhiteElo "1424"]
[BlackElo "1308"]
[PlyCount "65"]
[EventDate "2008.09.13"]
[EventType "team-tourn"]
[EventRounds "7"]
[EventCountry "GER"]
[SourceTitle "EXT 2010"]
[Source "ChessBase"]
[SourceDate "2010.11.25"]
[SourceVersion "1"]
[SourceVersionDate "2010.11.25"]
[SourceQuality "1"]
[WhiteTeam "Rheine CC"]
[BlackTeam "Steinfurt IV"]
[WhiteTeamCountry "GER"]
[BlackTeamCountry "GER"]

1. Nf3 Nc6 2. d4 d5 3. e3 Nf6 4. c4 e6 5. Nc3 Be7 6. a3 0-0 7. Qc2 b6 8. b4 a6 9. c5 bxc5 10. bxc5 Nd7 11. Bd3 Nf6 12. 0-0 g6 13. Bd2 Re8 14. Rfe1 Bf8 15. Na2 e5 16. Nxe5 Nxe5 17. dxe5 Rxe5 18. Nb4 Bb7 19. Bc3 Rg5 20. c6 Bc8 21. Bxf6 Qxf6 22. f4 Rh5 23. Be2 Bxb4 24. axb4 Rh6 25. Bf3 Bf5 26. Qd2 Rd8 27. g4 Bxg4 28. Bxg4 Qh4 29. h3 f5 30. Bf3 Qxh3 31. Qg2 Qxg2+ 32. Bxg2 g5 33. Rxa6 1/2-1/2

[Event "Steinfurt Bezirksklasse 0809"]
[Site "Germany"]
[Date "2009.02.07"]
[Round "4.7"]
[White "Dreihus, Christoph"]
[Black "Hooft, Rudolf"]
[Result "0-1"]
[WhiteElo "1308"]
[BlackElo "1397"]
[PlyCount "62"]
[EventDate "2008.09.13"]
[EventType "team-tourn"]
[EventRounds "7"]
[EventCountry "GER"]
[SourceTitle "EXT 2010"]
[Source "ChessBase"]
[SourceDate "2010.11.25"]
[SourceVersion "1"]
[SourceVersionDate "2010.11.25"]
[SourceQuality "1"]
[WhiteTeam "Steinfurt IV"]
[BlackTeam "Rheine SG"]
[WhiteTeamCountry "GER"]
[BlackTeamCountry "GER"]

1. e4 e5 2. Nf3 Nf6 3. Nc3 d6 4. Bc4 Bg4 5. h3 Bh5 6. d3 h6 7. Be3 Be7 8. Qe2 c6 9. g4 Bg6 10. 0-0-0 Bh7 11. d4 Nxe4 12. Nxe4 Bxe4 13. dxe5 d5 14. Bb3 Nd7 15. Bd4 Qc7 16. Rhe1 Bb4 17. c3 Be7 18. Nd2 Bg5 19. f3 c5 20. Bf2 Bxd2+ 21. Rxd2 c4 22. Ba4 Bd3 23. Qe3 0-0 24. Bc2 Bxc2 25. Kxc2 a5 26. Rxd5 Rfe8 27. Qd4 Nf8 28. Rc5 Qb8 29. Qxc4 Ne6 30. Rd5 Rc8 31. Qd3 Nf4 0-1

[Event "Steinfurt Bezirksklasse 0607"]
[Site "Germany"]
[Date "2006.09.30"]
[Round "1.3"]
[White "Baltes, Manfred"]
[Black "Dreihus, Christoph"]
[Result "0-1"]
[WhiteElo "1559"]
[BlackElo "1334"]
[PlyCount "46"]
[EventDate "2006.09.30"]
[EventType "team-tourn"]
[EventRounds "7"]
[EventCountry "GER"]
[SourceTitle "EXT 2008"]
[Source "ChessBase"]
[SourceDate "2007.11.25"]
[SourceVersion "1"]
[SourceVersionDate "2007.11.25"]
[SourceQuality "1"]
[WhiteTeam "Steinfurt III"]
[BlackTeam "Steinfurt IV"]
[WhiteTeamCountry "GER"]
[BlackTeamCountry "GER"]

1. e4 e5 2. Nf3 Nc6 3. d4 exd4 4. Nxd4 Nf6 5. Nxc6 bxc6 6. e5 Ne4 7. Qf3 Ng5 8. Qh5 Be7 9. f4 Ne6 10. Bc4 g6 11. Qe2 d6 12. 0-0 dxe5 13. fxe5 Qd4+ 14. Qf2 Qxc4 15. Qxf7+ Kd8 16. Rd1+ Bd7 17. Na3 Qc5+ 18. Kh1 Qxe5 19. Rxd7+ Kxd7 20. Bf4 Qe2 21. Bh6 Raf8 22. Bxf8 Rxf8 23. Qxh7 Rf1+ 0-1

[Event "Steinfurt Bezirksklasse 0405"]
[Site "Germany"]
[Date "2005.05.07"]
[Round "10.8"]
[White "Gausmann, Gregor"]
[Black "Dreihus, Christoph"]
[Result "1/2-1/2"]
[WhiteElo "1145"]
[BlackElo "1232"]
[PlyCount "78"]
[EventDate "2004.09.18"]
[EventType "team-tourn"]
[EventRounds "11"]
[EventCountry "GER"]
[SourceTitle "EXT 2006"]
[Source "ChessBase"]
[SourceDate "2005.11.24"]
[SourceVersion "1"]
[SourceVersionDate "2005.11.24"]
[SourceQuality "1"]
[WhiteTeam "Rheine CC"]
[BlackTeam "Steinfurt III"]
[WhiteTeamCountry "GER"]
[BlackTeamCountry "GER"]

1. d4 d5 2. c4 c6 3. cxd5 cxd5 4. Nc3 Nf6 5. e3 e6 6. Bd3 Nc6 7. Nf3 Bd7 8. a3 a6 9. Bd2 Rc8 10. Rc1 Na5 11. Ne5 Nc6 12. Nxc6 Bxc6 13. Qc2 Bd6 14. e4 dxe4 15. Nxe4 Nxe4 16. Bxe4 h6 17. Bxc6+ Rxc6 18. Bc3 0-0 19. 0-0 Qg5 20. g3 Rd8 21. Qe4 Bc7 22. Rc2 Bb6 23. Bd2 Qd5 24. Qxd5 Rxd5 25. Rxc6 bxc6 26. Be3 Bxd4 27. Bxd4 Rxd4 28. Rc1 Rd6 29. Rc5 Kf8 30. Ra5 Rd2 31. b4 Rd3 32. Rxa6 Ke7 33. Rxc6 Rxa3 34. Rc7+ Kf6 35. b5 Rb3 36. Rc5 Kg6 37. Kf1 Rb2 38. Ke1 Kf6 39. Kf1 Kg6 1/2-1/2

[Event "Steinfurt Bezirksklasse 0304"]
[Site "Germany"]
[Date "2004.01.10"]
[Round "5.8"]
[White "Dreihus, Christoph"]
[Black "Roos, Bastian"]
[Result "1/2-1/2"]
[WhiteElo "1169"]
[BlackElo "1232"]
[PlyCount "54"]
[EventDate "2003.09.27"]
[EventType "team-tourn"]
[EventRounds "11"]
[EventCountry "GER"]
[SourceTitle "EXT 2005"]
[Source "ChessBase"]
[SourceDate "2004.11.15"]
[SourceVersion "1"]
[SourceVersionDate "2004.11.15"]
[SourceQuality "1"]
[WhiteTeam "Steinfurt III"]
[BlackTeam "Saerbeck Falke III"]
[WhiteTeamCountry "GER"]
[BlackTeamCountry "GER"]

1. e4 c5 2. Nf3 Nc6 3. d4 e6 4. Be3 cxd4 5. Nxd4 g6 6. Nxc6 bxc6 7. Bd4 Nf6 8. Qf3 Bg7 9. g4 0-0 10. h4 d5 11. exd5 exd5 12. Be2 Re8 13. Nc3 Nxg4 14. Bxg7 Kxg7 15. Qf4 Qf6 16. Qxf6+ Nxf6 17. Kd2 Bf5 18. Rad1 Ne4+ 19. Nxe4 Rxe4 20. Bd3 Re5 21. Rhe1 Rae8 22. Bxf5 Rxe1 23. Rxe1 Rxe1 24. Kxe1 gxf5 25. f4 Kg6 26. Kf2 a5 27. b3 Kh5 1/2-1/2

[Event "Steinfurt Bezirksklasse 0203"]
[Site "Germany"]
[Date "2002.09.28"]
[Round "1.7"]
[White "Raus, Christina"]
[Black "Dreihus, Christoph"]
[Result "1/2-1/2"]
[WhiteElo "833"]
[BlackElo "1115"]
[PlyCount "94"]
[EventDate "2002.09.28"]
[EventType "team-tourn"]
[EventRounds "7"]
[EventCountry "GER"]
[SourceTitle "EXT 2005"]
[Source "ChessBase"]
[SourceDate "2004.11.15"]
[SourceVersion "1"]
[SourceVersionDate "2004.11.15"]
[SourceQuality "1"]
[WhiteTeam "Steinfurt III"]
[BlackTeam "Steinfurt IV"]
[WhiteTeamCountry "GER"]
[BlackTeamCountry "GER"]

1. e4 c5 2. Nf3 Nc6 3. Nc3 e6 4. d3 Nf6 5. Bg5 Be7 6. Be2 h6 7. Bh4 d5 8. exd5 exd5 9. 0-0 Qb6 10. Rb1 Be6 11. Na4 Qa5 12. b3 b5 13. Nb2 Qxa2 14. d4 c4 15. bxc4 bxc4 16. c3 Rb8 17. Qc2 Qa5 18. Ne5 Nxe5 19. dxe5 Ne4 20. Bxe7 Kxe7 21. Rbc1 Rb3 22. Nd1 Bf5 23. Bf3 Bg6 24. Bxe4 Bxe4 25. Qd2 Rd8 26. Qd4 Kf8 27. f3 Bg6 28. g4 Qa3 29. Ne3 Qe7 30. Rfd1 Bd3 31. Nxd5 Qd7 32. Nf4 Qxd4+ 33. cxd4 Rxd4 34. Nxd3 cxd3 35. Rd2 g6 36. Ra1 Rd7 37. h4 Ke7 38. Kg2 Ke6 39. f4 Rb4 40. Kg3 Ke7 41. Ra3 Rbd4 42. Kf3 f5 43. gxf5 gxf5 44. Ke3 Re4+ 45. Kf3 Red4 46. Ke3 Re4+ 47. Kf3 Red4 1/2-1/2